| 000 | 01471nam a2200373 i 4500 | ||
|---|---|---|---|
| 003 | DO-SdBNP | ||
| 005 | 20260302104244.0 | ||
| 007 | ta | ||
| 008 | 230515b2007 dr ||||| |||| 00| 0 spa d | ||
| 020 | _a8466309632 | ||
| 040 |
_aDO-SdBNP _bspa _cBNPHU _erda |
||
| 082 | 4 |
_aRD863.44 _bA473e, 2007 _222 |
|
| 100 | 1 |
_aÁlvarez, Julia, _d1950- _eautor _4aut. _95624 |
|
| 240 | 1 | 0 |
_aIn the time of the butterflies. _lEspañol |
| 245 | 1 | 0 |
_aEn el tiempo de las mariposas / _cJulia Álvarez ; traducción, Rolando Costa Picazo. |
| 250 | _aCuarta edición | ||
| 264 | 1 |
_aColombia : _bSuma de Letras, _c2007. |
|
| 300 |
_a524 páginas ; _c24 cm. |
||
| 336 |
_atexto _btxt _2rdacontent |
||
| 337 |
_asin mediación _bn _2rdamedia |
||
| 338 |
_avolumen _bnc _2rdacarrier |
||
| 490 |
_aPunto de lectura _v407 |
||
| 500 | _aEn la portada. Un hermoso alegato político e histórico narrado con enormes dosis de humanidad. | ||
| 590 | _aInventariado ,2023/BT | ||
| 600 | 1 | 4 |
_aMirabal, María Teresa, _d1935-1960 _vNovela _927377 |
| 600 | 1 | 4 |
_aMirabal, Minerva, _d1926-1960 _vNovela _977015 |
| 600 | 1 | 4 |
_aMirabal, Patria Mercedes, _d1924-1960 _vNovela _977016 |
| 650 | 4 |
_aNovela histórica dominicana. _9860 |
|
| 650 | 4 |
_aLiteratura dominicana. _967 |
|
| 651 | 4 |
_aRepública Dominicana _xHistoria _yEra de Trujillo, 1930-1961 _xNovela _921999 |
|
| 700 | 1 |
_aCosta Picazo, Rolando, _etraductor _4tr. _927380 |
|
| 910 | _aBtavárez/Validado. Control de calidad MFF | ||
| 942 |
_2ddc _cLBS1 |
||
| 999 |
_c53510 _d53510 |
||